[Event "BCF-chT2 2223 (4NCL)"]
[Site "England"]
[Date "2023.05.01"]
[Round "11.37"]
[White "Willson, Ollie"]
[Black "Verma, Shlok"]
[Result "1/2-1/2"]
[WhiteElo "2135"]
[BlackElo "2055"]
[PlyCount "92"]
[EventDate "2022.10.22"]
[EventType "team-tourn"]
[EventRounds "11"]
[EventCountry "ENG"]
[SourceTitle "EXT 2024"]
[Source "ChessBase"]
[SourceDate "2023.10.10"]
[SourceVersion "1"]
[SourceVersionDate "2023.10.10"]
[SourceQuality "1"]
[WhiteTeam "Sussex Martlets"]
[BlackTeam "KJCA Kings"]
[WhiteTeamCountry "ENG"]
[BlackTeamCountry "ENG"]

1. d4 d5 2. c4 dxc4 3. Nf3 Nf6 4. e3 e6 5. Bxc4 a6 6. 0-0 b5 7. Be2 Bb7 8. a4 b4 9. b3 Nbd7 10. Bb2 c5 11. Nbd2 Be7 12. Ne5 0-0 13. Ndc4 Qc7 14. Rc1 Rfd8 15. Qc2 Nxe5 16. Nxe5 Rac8 17. Nd3 Nd7 18. Rfd1 Qb8 19. dxc5 Nxc5 20. Nxc5 Rxc5 21. Rxd8+ Qxd8 22. Qd3 Qxd3 23. Bxd3 Rxc1+ 24. Bxc1 Bd5 25. Bc2 Bd8 26. e4 Bc6 27. Be3 a5 28. Kf1 Kf8 29. Ke2 Ke7 30. Bc5+ Kd7 31. Kd3 Bb7 32. Bd4 Ba6+ 33. Ke3 f6 34. f4 Kc6 35. g4 Bb6 36. e5 fxe5 37. Be4+ Kc7 38. Bxb6+ Kxb6 39. Bxh7 Kc5 40. f5 exf5 41. Bxf5 g5 42. Be4 Bc8 43. Bf3 Be6 44. Bd1 Bd5 45. Kd3 Bh1 46. Ke3 Bd5 1/2-1/2

[Event "BCF-chT2 2223 (4NCL)"]
[Site "England"]
[Date "2023.02.12"]
[Round "6.52"]
[White "Willson, Ollie"]
[Black "Onslow, Alfie"]
[Result "1-0"]
[WhiteElo "2135"]
[BlackElo "2227"]
[PlyCount "151"]
[EventDate "2022.10.22"]
[EventType "team-tourn"]
[EventRounds "11"]
[EventCountry "ENG"]
[SourceTitle "EXT 2024"]
[Source "ChessBase"]
[SourceDate "2023.10.10"]
[SourceVersion "1"]
[SourceVersionDate "2023.10.10"]
[SourceQuality "1"]
[WhiteTeam "Sussex Martlets"]
[BlackTeam "The Sharks II"]
[WhiteTeamCountry "ENG"]
[BlackTeamCountry "ENG"]

1. d4 Nf6 2. Nf3 d5 3. c4 e6 4. g3 Bb4+ 5. Bd2 Bd6 6. Bg2 c6 7. 0-0 Nbd7 8. Qc2 0-0 9. Bc3 Ne4 10. Nbd2 f5 11. Ne5 Qc7 12. Ndf3 b6 13. b3 Bb7 14. Bb2 Ndf6 15. Rac1 Rac8 16. Nd3 g5 17. c5 Be7 18. Nfe5 Nh5 19. f3 Nef6 20. Qd2 Nd7 21. Nxd7 Qxd7 22. g4 Ng7 23. Ne5 Qe8 24. e4 bxc5 25. dxc5 dxe4 26. fxe4 f4 27. Qa5 Bd8 28. Qa4 a5 29. Rfd1 Bc7 30. Qd4 Rd8 31. Qc3 Qe7 32. Bf3 Qf6 33. Nc4 Qg6 34. Nxa5 Bxa5 35. Qxa5 Ra8 36. Qc3 Rf7 37. a4 h5 38. gxh5 Qh6 39. Rc2 Nxh5 40. Rd6 Re8 41. Rg2 Nf6 42. Qe5 g4 43. Bxg4 Nxg4 44. Rxg4+ Kf8 45. Bc1 Ba6 46. Rxf4 Qg6+ 47. Kf2 Kg8 48. Rxf7 Qxf7+ 49. Bf4 Rf8 50. Ke3 Rb8 51. b4 Qg6 52. Qxe6+ Qxe6 53. Rxe6 Rxb4 54. Rxc6 Bb7 55. Re6 Kf7 56. Re5 Rxa4 57. Bg5 Kg6 58. h4 Ra1 59. c6 Bc8 60. Kd4 Bg4 61. Rc5 Ra4+ 62. Rc4 Ra8 63. Ke5 Kf7 64. Kd6 Re8 65. c7 Re6+ 66. Kd5 Re8 67. Bd8 Be6+ 68. Kd4 Bc8 69. Rc6 Rh8 70. Kc5 Ke8 71. e5 Rh5 72. Bg5 Rh7 73. Kb6 Rd7 74. Ka7 Rd5 75. Kb8 Kd7 76. Rd6+ 1-0

[Event "EU-Cup 36th"]
[Site "Struga"]
[Date "2021.09.19"]
[Round "2.15"]
[White "Suvorov, Alexander David"]
[Black "Willson, Ollie"]
[Result "1-0"]
[WhiteElo "2363"]
[BlackElo "2082"]
[PlyCount "73"]
[EventDate "2021.09.18"]
[EventType "team-swiss"]
[EventRounds "7"]
[EventCountry "MKD"]
[SourceTitle "CBM 204 Extra"]
[Source "ChessBase"]
[SourceDate "2021.11.30"]
[SourceVersion "1"]
[SourceVersionDate "2021.11.30"]
[SourceQuality "1"]
[WhiteTeam "Zuid Limburg"]
[BlackTeam "Sussex Martlets"]
[WhiteTeamCountry "NED"]
[BlackTeamCountry "ENG"]

1. d4 Nf6 2. c4 e6 3. Nc3 Bb4 4. e3 0-0 5. Bd2 d5 6. Nf3 b6 7. cxd5 exd5 8. Bd3 Bb7 9. 0-0 Re8 10. Ne5 Bf8 11. f4 c5 12. Be1 Nc6 13. Bb5 Rc8 14. Qa4 Re6 15. Rd1 a6 16. Bxc6 Bxc6 17. Qxa6 c4 18. Nxc6 Rexc6 19. Qb5 Rd6 20. Bh4 Ra8 21. b4 Ra3 22. Rc1 Be7 23. Rfe1 g6 24. h3 Kg7 25. f5 h6 26. fxg6 fxg6 27. Bg3 Kh7 28. Bxd6 Qxd6 29. Rf1 Kg7 30. e4 Qg3 31. e5 Ng4 32. hxg4 Qe3+ 33. Kh1 h5 34. Qxd5 hxg4 35. Qf7+ Kh8 36. Qe8+ Kg7 37. Qxe7+ 1-0

[Event "BCF-chT2a 1920 (4NCL)"]
[Site "Daventry"]
[Date "2020.02.09"]
[Round "6.16"]
[White "Willson, Ollie"]
[Black "Phillips, Ray"]
[Result "0-1"]
[WhiteElo "2082"]
[BlackElo "2176"]
[PlyCount "110"]
[EventDate "2020.01.11"]
[EventType "team-tourn"]
[EventRounds "11"]
[EventCountry "ENG"]
[SourceTitle "CBM 194 Extra"]
[Source "ChessBase"]
[SourceDate "2020.03.31"]
[SourceVersion "1"]
[SourceVersionDate "2020.03.31"]
[SourceQuality "1"]
[WhiteTeam "Sussex Martlets"]
[BlackTeam "West is Best"]
[WhiteTeamCountry "ENG"]
[BlackTeamCountry "ENG"]

1. d4 d6 2. c4 e5 3. e3 Nf6 4. Nc3 Nbd7 5. Nf3 Be7 6. Be2 0-0 7. 0-0 a5 8. b3 c6 9. Qc2 Re8 10. Bb2 Qc7 11. Na4 b6 12. Rfd1 Bf8 13. Rac1 Bb7 14. Nc3 Rac8 15. Bf1 Qb8 16. Ng5 h6 17. Nge4 Nxe4 18. Qxe4 Nf6 19. Qh4 e4 20. Qf4 Rc7 21. h3 Qd8 22. Na4 d5 23. c5 b5 24. Nc3 Bc8 25. Be2 Re6 26. Kf1 Nh7 27. Bh5 f5 28. Ke1 Rf6 29. Kd2 Ng5 30. Kc2 Ne6 31. Qh2 f4 32. Ne2 fxe3 33. fxe3 b4 34. Rf1 Ba6 35. Kd2 Be7 36. Bg4 Nf8 37. Rxf6 Bxf6 38. Nf4 Re7 39. Nh5 Rf7 40. Re1 Bg5 41. g3 a4 42. h4 Be7 43. Nf4 Qa5 44. Bh5 g6 45. Be2 g5 46. hxg5 hxg5 47. Nh5 axb3 48. axb3 Qa2 49. Kc2 Bd3+ 50. Bxd3 exd3+ 51. Kc1 Qxb3 52. Qd2 Rf3 53. Rd1 Rxe3 54. Rf1 Re2 55. Rxf8+ Kxf8 0-1

[Event "Hastings Masters op 94th"]
[Site "Hastings"]
[Date "2018.12.31"]
[Round "4"]
[White "Willson, Ollie"]
[Black "Kalavannan, Koby"]
[Result "0-1"]
[WhiteElo "2081"]
[BlackElo "2339"]
[PlyCount "78"]
[EventDate "2018.12.28"]
[EventType "swiss"]
[EventRounds "10"]
[EventCountry "ENG"]
[SourceTitle "CBM 188 Extra"]
[Source "ChessBase"]
[SourceDate "2019.02.26"]
[SourceVersion "1"]
[SourceVersionDate "2019.02.26"]
[SourceQuality "1"]

1. c4 g6 2. Nf3 Bg7 3. g3 c5 4. Bg2 Nc6 5. 0-0 d6 6. Nc3 e6 7. b3 Nge7 8. Bb2 0-0 9. d3 d5 10. cxd5 exd5 11. Qd2 d4 12. Ne4 b6 13. h4 h6 14. Qc2 Bg4 15. a3 a5 16. Rfe1 Qd7 17. Rab1 Rad8 18. Rbd1 f5 19. Ned2 f4 20. Ne4 Nd5 21. Bc1 Qc7 22. Kh1 Ne5 23. Nh2 Qe7 24. Rf1 g5 25. hxg5 hxg5 26. Nxg4 Nxg4 27. Bf3 Ne5 28. Bg2 g4 29. gxf4 Qh4+ 30. Kg1 Nxf4 31. Bxf4 Rxf4 32. b4 Rf5 33. Ng3 Rf6 34. bxc5 Rdf8 35. Qb3+ Kh8 36. Qd5 Rh6 37. Rfe1 Qh2+ 38. Kf1 Qxg3 39. Qxd4 Rh2 0-1

[Event "BCF-chT2b 1819 (4NCL)"]
[Site "England"]
[Date "2018.11.10"]
[Round "1.82"]
[White "Willson, Ollie"]
[Black "Pleasants, Allan J"]
[Result "1-0"]
[WhiteElo "2155"]
[BlackElo "2064"]
[PlyCount "43"]
[EventDate "2018.11.10"]
[EventType "team-tourn"]
[EventRounds "11"]
[EventCountry "ENG"]
[SourceTitle "EXT 2021"]
[Source "ChessBase"]
[SourceDate "2020.10.23"]
[SourceVersion "1"]
[SourceVersionDate "2020.10.23"]
[SourceQuality "1"]
[WhiteTeam "Sussex Martlets"]
[BlackTeam "Wessex"]
[WhiteTeamCountry "ENG"]
[BlackTeamCountry "ENG"]

1. d4 g6 2. c4 Bg7 3. Nf3 c5 4. Nc3 cxd4 5. Nxd4 Nc6 6. Nc2 Bxc3+ 7. bxc3 Qa5 8. Qd3 Nf6 9. f4 d6 10. Nd4 Bf5 11. Nxf5 gxf5 12. Rb1 Qxa2 13. Rxb7 0-0 14. g3 Rab8 15. Rxb8 Rxb8 16. Bg2 Na5 17. Qxf5 Nxc4 18. Qd3 a5 19. g4 Nb2 20. Qd4 Rc8 21. g5 Rc4 22. Qd2 1-0

[Event "Paleochora op 11th"]
[Site "Paleochora"]
[Date "2018.07.19"]
[Round "2"]
[White "Rychagov, Andrey"]
[Black "Willson, Ollie"]
[Result "1-0"]
[WhiteElo "2529"]
[BlackElo "2070"]
[PlyCount "103"]
[EventDate "2018.07.18"]
[EventType "swiss"]
[EventRounds "9"]
[EventCountry "GRE"]
[SourceTitle "CBM 186 Extra"]
[Source "ChessBase"]
[SourceDate "2018.08.24"]
[SourceVersion "1"]
[SourceVersionDate "2018.08.24"]
[SourceQuality "1"]

1. d4 Nf6 2. c4 e6 3. Nf3 Bb4+ 4. Bd2 a5 5. e3 b6 6. Bd3 Bb7 7. a3 Bxd2+ 8. Nbxd2 d6 9. 0-0 0-0 10. e4 e5 11. Bc2 Nbd7 12. Re1 Re8 13. d5 Qe7 14. Ba4 Red8 15. b4 Ra7 16. Qc2 axb4 17. axb4 Rda8 18. Ra2 c5 19. dxc6 Bxc6 20. Rea1 Bb7 21. Bb3 Rxa2 22. Rxa2 Rxa2 23. Bxa2 Nf8 24. Bb1 Ne6 25. Qa4 g6 26. g3 Kg7 27. Bd3 Ng4 28. Qa1 Qf6 29. Qa7 Nd4 30. Kg2 Bc8 31. Qxb6 h5 32. h3 Nxf2 33. Kxf2 h4 34. gxh4 Bxh3 35. c5 Nxf3 36. Nxf3 Bg4 37. Be2 Bxf3 38. Qxd6 Bxe4+ 39. Qxf6+ Kxf6 40. b5 Ke7 41. b6 Bc6 42. Bb5 Bd5 43. Kg3 f5 44. c6 Kd6 45. c7 Bb7 46. Be8 f4+ 47. Kg4 f3 48. Bxg6 Kc5 49. Be4 Bc8+ 50. Kxf3 Kxb6 51. h5 Kxc7 52. h6 1-0

[Event "BCF-chT2a 1718 (4NCL)"]
[Site "England"]
[Date "2018.02.11"]
[Round "6.23"]
[White "Willson, Ollie"]
[Black "Hoffmann, Hendrik"]
[Result "0-1"]
[WhiteElo "2087"]
[BlackElo "2224"]
[PlyCount "168"]
[EventDate "2017.11.11"]
[EventType "team-tourn"]
[EventRounds "7"]
[EventCountry "ENG"]
[SourceTitle "EXT 2020"]
[Source "ChessBase"]
[SourceDate "2019.10.17"]
[SourceVersion "1"]
[SourceVersionDate "2019.10.17"]
[SourceQuality "1"]
[WhiteTeam "Sussex Martlets"]
[BlackTeam "Celtic Tigers"]
[WhiteTeamCountry "ENG"]
[BlackTeamCountry "ENG"]

1. d4 d5 2. c4 dxc4 3. e3 e5 4. Bxc4 exd4 5. exd4 Nf6 6. Qb3 Qe7+ 7. Ne2 Qb4+ 8. Nbc3 Qxb3 9. Bxb3 Bb4 10. 0-0 0-0 11. Nb5 Na6 12. Bf4 c6 13. Nd6 Bxd6 14. Bxd6 Re8 15. Nc3 Be6 16. Bxe6 Rxe6 17. Be5 Rd8 18. Rfd1 Nd5 19. Rac1 f6 20. Bg3 Nab4 21. a3 Nxc3 22. bxc3 Nd5 23. c4 Ne7 24. f3 Rd7 25. Bf2 a6 26. Rd3 b5 27. cxb5 axb5 28. Kf1 Nd5 29. Rd2 Ra7 30. Rd3 Kf7 31. g3 Ke8 32. Be1 Ra4 33. Kf2 Kd7 34. Rcd1 Re8 35. Rb3 Rc4 36. Rd2 Kd6 37. Rbd3 Nb6 38. Rd1 Kd5 39. Bb4 Re6 40. R3d2 Na4 41. h4 h5 42. Ba5 Re8 43. Bb4 Nb6 44. Bc5 Nd7 45. Bb4 Nb8 46. Rd3 Na6 47. Ba5 Ra4 48. Bd2 g6 49. Be3 Rc4 50. Bf4 Rc2+ 51. R1d2 Rxd2+ 52. Rxd2 Re6 53. Be3 Nc7 54. Rc2 Na6 55. Rc3 Kd6 56. g4 b4 57. Rb3 Kd5 58. gxh5 gxh5 59. axb4 Kc4 60. Rb1 Nxb4 61. Rc1+ Kd3 62. Rd1+ Kc3 63. Rc1+ Kb2 64. Rd1 Nd5 65. Bh6 Kc2 66. Rc1+ Kd3 67. Rd1+ Kc4 68. Rd2 Ne7 69. Bf8 Nf5 70. Bc5 Kd5 71. Rd1 Re8 72. Ra1 Rb8 73. Ra5 Rb2+ 74. Ke1 Rb5 75. Ra4 Nxh4 76. Kf2 Nf5 77. Ba7 Rb2+ 78. Kg1 h4 79. Ra5+ Ke6 80. Ra1 h3 81. d5+ cxd5 82. Bf2 d4 83. Ra6+ Ke5 84. Ra5+ Kf4 0-1